Loading...
| History - World | 0 | 5 | 0 | 2 | 50 | 25 | 70.80 | 2 | 3 | 16.11 | 28.93 |
| Science - Biology | 0 | 4 | 0 | 0 | 40 | 26 | 64.50 | 1 | 2 | 15.12 | 25.00 |
| History - European | 0 | 5 | 2 | 1 | 40 | 67 | 91.80 | 0 | 0 | 4.28 | 6.02 |
| Mythology | 0 | 3 | 0 | 1 | 30 | 67 | 98.67 | 1 | 2 | 5.00 | 19.82 |
| Religion | 0 | 3 | 0 | 1 | 30 | 13 | 66.33 | 1 | 2 | 12.42 | 16.25 |
| Fine Arts - Classical Music | 0 | 3 | 0 | 1 | 30 | 98 | 108.00 | 0 | 0 | 1.42 | 8.75 |
| Literature - World | 0 | 2 | 0 | 1 | 20 | 67 | 96.00 | 0 | 1 | 3.85 | 10.00 |
| Science - Chemistry | 0 | 3 | 2 | 1 | 20 | 35 | 65.67 | 1 | 1 | 10.10 | 15.00 |
| Geography | 0 | 2 | 0 | 0 | 20 | 77 | 86.50 | 0 | 0 | 8.05 | 16.43 |
| Fine Arts - Other | 0 | 2 | 0 | 0 | 20 | 46 | 61.00 | 0 | 1 | 9.44 | 8.21 |
| Science - Physics | 0 | 2 | 1 | 0 | 15 | 70 | 77.00 | 0 | 0 | 5.84 | 9.29 |
| Social Science | 0 | 1 | 0 | 1 | 10 | 110 | 110.00 | 0 | 0 | 0.00 | 1.56 |
| History - American | 0 | 1 | 0 | 0 | 10 | 75 | 75.00 | 0 | 0 | 31.82 | 25.00 |
| History - Other | 0 | 1 | 0 | 1 | 10 | 110 | 110.00 | 0 | 0 | 0.00 | 1.43 |
| Literature - British | 0 | 1 | 0 | 0 | 10 | 76 | 76.00 | 0 | 0 | 2.48 | 4.17 |
| Literature - European | 0 | 0 | 0 | 0 | 0 | 0.00 | 0 | 0 | 0.00 | 0.00 | |
| Fine Arts - Painting and Sculpture | 0 | 0 | 0 | 0 | 0 | 0.00 | 0 | 0 | 0.00 | 0.00 | |
| Popular Culture | 0 | 0 | 1 | 0 | -5 | 0.00 | 0 | 0 | 0.00 | 0.00 |